Normal view
MARC view
Entry Topical Term
001 - CONTROL NUMBER
- control field: 16291
003 - CONTROL NUMBER IDENTIFIER
- control field: ARRUPE
005 - DATE AND TIME OF LATEST TRANSACTION
- control field: 20150312163647.0
008 - FIXED-LENGTH DATA ELEMENTS
- fixed length control field: 150312|| aca||aabn | a|a d
040 ## - CATALOGING SOURCE
- Original cataloging agency: ARRUPE
- Transcribing agency: ARRUPE
150 ## - HEADING--TOPICAL TERM
- Topical term or geographic name as entry element: English drama
- General subdivision: Early modern and filizabethan
670 ## - SOURCE DATA FOUND
- Source citation: Work cat.: (ARRUPE): Adams, J.Q 16288, Chief pre-shakespearean dramas, 1924